[Event "Championnat de France des Jeunes - Cade"]
[Site "LA ROCHE SUR YON"]
[Date "2008.04.21"]
[Round "3.9"]
[White "Tachikart, Yassin"]
[Black "Bourgois, Bastien"]
[Result "1-0"]
[WhiteElo "2111"]
[BlackElo "1869"]
[Annotator "Salaun,Michel"]
[PlyCount "107"]
[EventDate "2008.04.24"]
[EventType "swiss"]
[EventRounds "6"]
[EventCountry "FRA"]

1. d4 d5 2. c4 c6 3. Nc3 Nf6 4. Nf3 e6 5. e3 Nbd7 6. Bd2 Be7 7. Qc2 h6 8. O-O-O
dxc4 9. Bxc4 b5 10. Bd3 b4 11. Ne4 Qb6 12. Ne5 Nxe5 13. dxe5 Nxe4 14. Bxe4 Bb7
15. f4 c5 16. Qa4+ Kf8 17. Bxb7 Qxb7 18. f5 exf5 19. Rhf1 Rd8 20. Rxf5 Qd7 21.
Qxd7 Rxd7 22. e6 Rd6 23. Rxc5 fxe6 24. Rc8+ Rd8 25. Rxd8+ Bxd8 26. Bxb4+ Ke8
27. Rd6 a5 28. Bc3 Ke7 29. Ra6 Rf8 30. Ra7+ Kd6 31. Rxg7 Bg5 32. Kd2 Rf5 33.
Ke2 Bf6 34. Bxf6 Rxf6 35. Ra7 Rf5 36. Ra6+ Ke7 37. Rb6 a4 38. Ra6 Rb5 39. Rxa4
Rxb2+ 40. Kf3 Kf6 41. Ra5 Rc2 42. a4 Ra2 43. Ra8 Kf5 44. a5 h5 45. h4 Ra1 46.
a6 Ke5 47. Rh8 Rxa6 48. Rxh5+ Kf6 49. Rb5 Ra4 50. e4 Ra8 51. Kf4 Rh8 52. g3 Rh6
53. h5 Rh8 54. e5+ 1-0

[Event "Championnat de France des Jeunes - Cade"]
[Site "LA ROCHE SUR YON"]
[Date "2008.04.21"]
[Round "3.10"]
[White "Baudon, Andrew"]
[Black "Walkowiak, Michael"]
[Result "0-1"]
[WhiteElo "1975"]
[BlackElo "1801"]
[Annotator "Salaun,Michel"]
[PlyCount "90"]
[EventDate "2008.04.24"]
[EventType "swiss"]
[EventRounds "6"]
[EventCountry "FRA"]

1. e4 c5 2. c3 Nf6 3. e5 Nd5 4. d4 cxd4 5. Nf3 e6 6. cxd4 b6 7. Be2 d6 8. O-O
Be7 9. Bd2 O-O 10. Nc3 Bb7 11. Rc1 Nd7 12. exd6 Bxd6 13. Bc4 N7f6 14. Bg5 Be7
15. Nxd5 Nxd5 16. Bxe7 Qxe7 17. Qd2 Rfd8 18. Rfd1 Qf6 19. Qg5 {(=)} Qxg5 20.
Nxg5 Rac8 21. Nf3 Kf8 22. Bb3 Ke7 23. Ne1 Kd6 24. g3 Ne7 25. Nd3 Rxc1 26. Rxc1
Rc8 27. Re1 Bd5 28. Ne5 f6 29. Bxd5 Nxd5 30. Nd3 Rc2 31. Rd1 a5 32. Kf1 Nb4 33.
Rc1 Rxc1+ 34. Nxc1 Kd5 35. Ke2 Kxd4 36. Nb3+ Kd5 37. a3 Nc6 38. Nc1 Ne5 39. h4
Nc4 40. Nd3 e5 41. Kd1 Kd4 42. Kc2 h5 43. Nc1 Ke4 44. Kc3 Nd6 45. b4 a4 0-1

[Event "Championnat de France des Jeunes - Cade"]
[Site "LA ROCHE SUR YON"]
[Date "2008.04.21"]
[Round "3.7"]
[White "Richard, Celine"]
[Black "Peyre, Camille"]
[Result "0-1"]
[WhiteElo "1670"]
[BlackElo "1831"]
[Annotator "Salaun,Michel"]
[PlyCount "152"]
[EventDate "2008.04.24"]
[EventType "swiss"]
[EventRounds "6"]
[EventCountry "FRA"]

1. e4 Nf6 2. e5 Nd5 3. d4 d6 4. c4 Nb6 5. exd6 cxd6 6. Nc3 g6 7. Be3 Bg7 8. Rc1
Nc6 9. d5 Ne5 10. b3 O-O 11. Be2 a5 12. f4 Ned7 13. Nf3 Nf6 14. O-O Bf5 15. Nd4
Ne4 16. Nxe4 Bxe4 17. Bd3 Bxd3 18. Qxd3 Nd7 19. f5 Ne5 20. Qc2 Ng4 21. Bf2 Qb6
22. Rcd1 Be5 23. Nf3 Nxf2 24. Qxf2 Qxf2+ 25. Rxf2 Bf6 26. fxg6 hxg6 27. Kh1
Rab8 28. Re2 b5 29. cxb5 Rxb5 30. h3 Rc8 31. g4 Rc3 32. Kg2 g5 33. Kf2 Kf8 34.
Kg2 Ke8 35. Red2 Kd7 36. Rd3 Rc2+ 37. R1d2 Rbc5 38. Kg3 Kc7 39. a3 Kb6 40. b4
axb4 41. axb4 R5c4 42. Rxc2 Rxc2 43. Rb3 Kb5 44. Ra3 Kxb4 45. Ra8 Rc7 46. Kg2
Kc4 47. Rf8 Kxd5 48. Rxf7 Ke4 49. Nd2+ Ke3 50. Nf1+ Kf4 51. Rf8 Rc2+ 52. Kg1
Kf3 53. h4 Rg2+ 54. Kh1 gxh4 55. g5 Rxg5 56. Nd2+ Ke3 57. Nc4+ Kd3 58. Nxd6
exd6 59. Rxf6 d5 60. Rf3+ Ke2 61. Rh3 Rg4 62. Rh2+ Kf1 63. Rh3 d4 64. Kh2 Ke2
65. Kh1 d3 66. Rh2+ Ke1 67. Rh3 d2 68. Re3+ Kf2 69. Rd3 Ke2 70. Rd4 d1=Q+ 71.
Rxd1 Kxd1 72. Kh2 Ke2 73. Kh3 Rg8 74. Kh2 h3 75. Kxh3 Kf2 76. Kh2 Rh8# 0-1

[Event "Championnat de France des Jeunes - Cade"]
[Site "LA ROCHE SUR YON"]
[Date "2008.04.21"]
[Round "3.8"]
[White "Labise, Ophelie"]
[Black "Cheype, Marie"]
[Result "0-1"]
[WhiteElo "1660"]
[BlackElo "1809"]
[Annotator "Salaun,Michel"]
[PlyCount "100"]
[EventDate "2008.04.24"]
[EventType "swiss"]
[EventRounds "6"]
[EventCountry "FRA"]

1. d4 f5 2. c4 g6 3. Nc3 Nf6 4. Nf3 Bg7 5. g3 O-O 6. Bg2 d6 7. O-O Qe8 8. Re1
e5 9. dxe5 dxe5 10. Nd5 Nxd5 11. Qxd5+ Kh8 12. Rb1 Nc6 13. Qd1 Be6 14. b3 Rd8
15. Bd2 h6 16. h4 f4 17. Qc1 Bf5 18. e4 fxe3 19. Bxe3 Bxb1 20. Qxb1 Qf7 21. Qe4
Qf5 22. Qxf5 Rxf5 23. Nd2 Nb4 24. Be4 Rf6 25. a3 Nd3 26. Rd1 b6 27. Nf1 Rfd6
28. Bxd3 Rxd3 29. Rxd3 Rxd3 30. Nd2 Bf8 31. Kf1 Kg7 32. Ke2 Rd7 33. b4 Rf7 34.
Kd3 Be7 35. Ke4 Bf6 36. Nf3 Rd7 37. Nxe5 Bxe5 38. Kxe5 Rd3 39. a4 Ra3 40. a5
bxa5 41. bxa5 Rxa5+ 42. Kd4 Ra2 43. Kc5 a5 44. Kc6 Rc2 45. c5 a4 46. Kxc7 a3
47. c6 a2 48. Bd4+ Kf7 49. Kb7 Ke8 50. c7 Kd7 0-1

[Event "Championnat de France des Jeunes - Cade"]
[Site "LA ROCHE SUR YON"]
[Date "2008.04.21"]
[Round "3.6"]
[White "Rodange, Barbara"]
[Black "Leriquier, Claire"]
[Result "0-1"]
[WhiteElo "1726"]
[BlackElo "1890"]
[Annotator "Salaun,Michel"]
[PlyCount "76"]
[EventDate "2008.04.24"]
[EventType "swiss"]
[EventRounds "6"]
[EventCountry "FRA"]

1. c4 c5 2. Nc3 Nc6 3. g3 b6 4. Bg2 Bb7 5. Nf3 Rb8 6. O-O e6 7. d3 Be7 8. Bf4
d6 9. a3 g5 10. Bd2 h5 11. Ne4 g4 12. Ne1 f5 13. Bc3 Rh7 14. Nd2 h4 15. e4 Nf6
16. b4 Qd7 17. Nc2 Kf7 18. Re1 e5 19. Ne3 f4 20. gxf4 exf4 21. Nf5 f3 22. Bf1
Nh5 23. h3 Rg8 24. Kh1 Bf6 25. Bxf6 Nxf6 26. hxg4 Rxg4 27. Bh3 Ne5 28. Nxf3 Rh5
29. Nxe5+ dxe5 30. Bxg4 Nxg4 31. Qxg4 Rxf5 32. Qxf5+ Qxf5 33. Rab1 cxb4 34.
axb4 Qf3+ 35. Kg1 h3 36. Kf1 Qxd3+ 37. Kg1 Qf3 38. Kf1 h2 0-1

[Event "Championnat de France des Jeunes - Cade"]
[Site "LA ROCHE SUR YON"]
[Date "2008.04.21"]
[Round "3.10"]
[White "Deltour, Marie"]
[Black "Rascle, Adeline"]
[Result "0-1"]
[WhiteElo "1380"]
[BlackElo "1570"]
[Annotator "Salaun,Michel"]
[PlyCount "62"]
[EventDate "2008.04.24"]
[EventType "swiss"]
[EventRounds "6"]
[EventCountry "FRA"]

1. e4 e5 2. Nf3 Nc6 3. Bc4 d6 4. c3 Bg4 5. d4 exd4 6. cxd4 Nf6 7. Qb3 Qd7 8.
Ng5 Bh5 9. Qxb7 Rb8 10. Qa6 Be7 11. d5 Ne5 12. Qxa7 O-O 13. Nd2 Qg4 14. Ngf3
Qxg2 15. Rg1 Nxf3+ 16. Nxf3 Qxf3 17. Be3 Qxe4 18. b3 Nxd5 19. Bxd5 Qxd5 20.
Qxc7 Qd3 21. Qc4 Qxc4 22. bxc4 Bf6 23. Rc1 Ra8 24. Rc2 Bg6 25. Re2 Bd3 26. Rd2
Bc3 27. Bh6 Bxd2+ 28. Kxd2 Bg6 29. Be3 Rxa2+ 30. Kc3 Rc8 31. Bd4 Rc2+ 0-1

[Event "Championnat de France des Jeunes - Cade"]
[Site "LA ROCHE SUR YON"]
[Date "2008.04.21"]
[Round "3.9"]
[White "Garma, Jovanka"]
[Black "Mallard, Ophelie"]
[Result "1-0"]
[WhiteElo "1770"]
[BlackElo "1630"]
[Annotator "Salaun,Michel"]
[PlyCount "51"]
[EventDate "2008.04.24"]
[EventType "swiss"]
[EventRounds "6"]
[EventCountry "FRA"]

1. e4 e6 2. Nf3 d5 3. exd5 exd5 4. d4 Bd6 5. Nc3 c6 6. Bg5 f6 7. Bh4 Ne7 8. Bg3
O-O 9. Bd3 Bf5 10. O-O Bxd3 11. Qxd3 Ng6 12. Ne2 Qc7 13. Bxd6 Qxd6 14. h4 Nd7
15. Qd2 Kh8 16. h5 Ne7 17. Nf4 Rg8 18. Rae1 g6 19. Re6 Qc7 20. Rxe7 gxh5 21.
Nxh5 Rg6 22. Qf4 Qc8 23. Rfe1 Qg8 24. g3 Rd8 25. Qf5 Rh6 26. Rg7 1-0

[Event "Championnat de France des Jeunes - Cade"]
[Site "LA ROCHE SUR YON"]
[Date "2008.04.22"]
[Round "4.9"]
[White "Poey-Durut, Peio"]
[Black "Devallee, Jeremie"]
[Result "1-0"]
[WhiteElo "1875"]
[BlackElo "1993"]
[Annotator "Salaun,Michel"]
[PlyCount "89"]
[EventDate "2008.04.24"]
[EventType "swiss"]
[EventRounds "6"]
[EventCountry "FRA"]

1. d4 d5 2. Nf3 Nf6 3. e3 c5 4. c3 Nc6 5. Nbd2 Bf5 6. dxc5 e5 7. Bb5 Qc7 8. Qa4
Nd7 9. b4 Be7 10. Bb2 O-O 11. Qb3 Be6 12. c4 e4 13. Nd4 a6 14. cxd5 Nde5 15.
Nxe6 fxe6 16. d6 Qd7 17. dxe7 Rxf2 18. Nxe4 Rxb2 19. Qxb2 axb5 20. O-O Qxe7 21.
Nd6 Ng4 22. h3 Nge5 23. a3 Nd3 24. Qc3 Nde5 25. Nxb5 Qg5 26. Nd4 Ne7 27. Nf3
Nxf3+ 28. Rxf3 Rd8 29. e4 e5 30. Raf1 Ng6 31. Rf5 Qe7 32. c6 bxc6 33. Qxc6 Nf4
34. Qc5 Qh4 35. Qxe5 Ng6 36. Qe6+ Kh8 37. b5 Qg3 38. R5f3 Qb8 39. a4 Qa7+ 40.
b6 Qxa4 41. Kh1 Qa8 42. Rf7 Re8 43. b7 Qb8 44. Qc6 Ne7 45. Qxe8+ 1-0

[Event "Championnat de France des Jeunes - Cade"]
[Site "LA ROCHE SUR YON"]
[Date "2008.04.22"]
[Round "4.7"]
[White "Bressac, Stephane"]
[Black "Maniere, Alexis"]
[Result "1-0"]
[WhiteElo "2028"]
[BlackElo "1900"]
[Annotator "Salaun,Michel"]
[PlyCount "81"]
[EventDate "2008.04.24"]
[EventType "swiss"]
[EventRounds "6"]
[EventCountry "FRA"]

1. e4 e6 2. d4 d5 3. Nc3 Nf6 4. Bg5 Be7 5. e5 Ng8 6. Be3 b6 7. f4 c5 8. Nf3 Nc6
9. Ne2 h5 10. c3 Nh6 11. Qd2 Ba6 12. O-O-O Rc8 13. Kb1 Na5 14. Ng3 Bxf1 15.
Rhxf1 Nc4 16. Qc1 h4 17. Ne2 b5 18. dxc5 Bxc5 19. Bxc5 Rxc5 20. b3 Nb6 21. Qe3
Nd7 22. Nfd4 g6 23. b4 Rc4 24. Nxb5 Nf5 25. Qxa7 O-O 26. g4 Ne7 27. Nd6 Rc7 28.
Qe3 Nc6 29. Nd4 Qa8 30. Nxc6 Rxc6 31. f5 d4 32. Rxd4 Qa3 33. Rc4 Ra6 34. Rf2
Nb6 35. Rc6 Qa4 36. Rxb6 Qd1+ {(=)} 37. Kb2 Rxa2+ 38. Kxa2 Ra8+ 39. Kb2 Ra1 40.
Rb8+ Kh7 41. fxg6+ 1-0

[Event "Championnat de France des Jeunes - Cade"]
[Site "LA ROCHE SUR YON"]
[Date "2008.04.22"]
[Round "4.6"]
[White "Walkowiak, Michael"]
[Black "Tachikart, Yassin"]
[Result "0-1"]
[WhiteElo "1801"]
[BlackElo "2111"]
[Annotator "Salaun,Michel"]
[PlyCount "60"]
[EventDate "2008.04.24"]
[EventType "swiss"]
[EventRounds "6"]
[EventCountry "FRA"]

1. e4 e5 2. Nf3 Nc6 3. Bb5 a6 4. Ba4 Nf6 5. O-O Be7 6. Re1 b5 7. Bb3 O-O 8. c3
d5 9. exd5 Nxd5 10. Nxe5 Nxe5 11. Rxe5 c6 12. d3 Bd6 13. Re1 Qh4 14. g3 Qh3 15.
Re4 Bd7 16. Nd2 Rae8 17. Rh4 Qf5 18. Ne4 Be7 19. Rh5 Qg6 20. Re5 f5 21. Nd2 Bd6
22. Rxe8 Rxe8 23. Nf1 f4 24. a4 fxg3 25. hxg3 Bg4 26. Qd2 h6 27. Ne3 Bf3 28.
Nxd5 cxd5 29. axb5 Qh5 30. Bxd5+ Bxd5 0-1

[Event "Championnat de France des Jeunes - Cade"]
[Site "LA ROCHE SUR YON"]
[Date "2008.04.22"]
[Round "4.8"]
[White "Magnin, Guillaume"]
[Black "Fougerit, Valentin"]
[Result "0-1"]
[WhiteElo "1894"]
[BlackElo "2208"]
[Annotator "Salaun,Michel"]
[PlyCount "44"]
[EventDate "2008.04.24"]
[EventType "swiss"]
[EventRounds "6"]
[EventCountry "FRA"]

1. e4 e5 2. Nc3 Nf6 3. f4 d5 4. exd5 Nxd5 5. Nxd5 Qxd5 6. fxe5 Qe4+ 7. Be2 Qxg2
8. Bf3 Qg5 9. d4 Qh4+ 10. Kf1 Nc6 11. c3 Be6 12. Be3 O-O-O 13. Qe1 Qe7 14. h4
f6 15. Qg3 h6 16. Ne2 {(=)} fxe5 17. dxe5 Nxe5 18. Nd4 Nxf3 19. Nxf3 Qf7 20.
Kg2 Bd6 21. Qf2 Qg6+ 22. Kf1 Bc4+ 0-1

[Event "Championnat de France des Jeunes - Cade"]
[Site "LA ROCHE SUR YON"]
[Date "2008.04.22"]
[Round "4.10"]
[White "Pirotais, Jerome"]
[Black "Lepigoche, Cyril"]
[Result "0-1"]
[WhiteElo "1981"]
[BlackElo "1879"]
[Annotator "Salaun,Michel"]
[PlyCount "74"]
[EventDate "2008.04.24"]
[EventType "swiss"]
[EventRounds "6"]
[EventCountry "FRA"]

1. e4 c5 2. Nc3 Nc6 3. g4 d6 4. h3 g6 5. Bg2 Bg7 6. Nge2 e6 7. d3 Nge7 8. f4 f5
9. Be3 Nd4 10. Qd2 Rb8 11. exf5 gxf5 12. Ng3 Rg8 13. Nd1 Ng6 14. c3 Nc6 15. Qf2
Nh4 16. gxf5 Nxg2+ 17. Qxg2 exf5 18. Qf3 Qe7 19. Kd2 Kd8 20. Re1 Qf7 21. Bf2
Bh6 22. Ne3 Be6 23. b3 Kd7 24. Ne2 Bg7 25. Rac1 b5 26. Red1 b4 27. Ke1 bxc3 28.
Nxc3 Nd4 29. Qh1 Qh5 30. Kf1 Bh6 31. Ned5 Bxd5 32. Qxd5 Qxh3+ 33. Ke1 Rge8+ 34.
Ne4 fxe4 35. Bxd4 Qh1+ 36. Bg1 exd3+ 37. Qe5 Rxe5+ 0-1

[Event "Championnat de France des Jeunes - Cade"]
[Site "LA ROCHE SUR YON"]
[Date "2008.04.22"]
[Round "4.7"]
[White "Burel, Gwenaelle"]
[Black "Rascle, Adeline"]
[Result "1-0"]
[WhiteElo "1663"]
[BlackElo "1570"]
[Annotator "Salaun,Michel"]
[PlyCount "137"]
[EventDate "2008.04.24"]
[EventType "swiss"]
[EventRounds "6"]
[EventCountry "FRA"]

1. e4 e5 2. Nf3 Nc6 3. Bb5 d6 4. d4 exd4 5. Nxd4 Nge7 6. Bg5 Bd7 7. Nxc6 Bxc6
8. Bxc6+ bxc6 9. Nc3 Qb8 10. b3 Ng6 11. O-O Be7 12. Bxe7 Nxe7 13. Re1 O-O 14.
Qd3 Ng6 15. Rad1 Qd8 16. Na4 Re8 17. c4 Qg5 18. Qg3 Qxg3 19. hxg3 Re6 20. f4
Nf8 21. Nc3 Rae8 22. Kf2 Nd7 23. Re2 Nc5 24. Kf3 g6 25. b4 Nb7 26. Rde1 f6 27.
Na4 a6 28. c5 d5 29. Nc3 d4 30. Na4 h6 31. Rd1 Rd8 32. Red2 Ree8 33. Rxd4 Rxd4
34. Rxd4 Rd8 35. Rxd8+ Nxd8 36. Nb2 Ne6 37. Ke3 Kf7 38. Nc4 Ke7 39. e5 f5 40.
Nd2 Nd8 41. Nf3 Nf7 42. Nd4 Nd8 43. Kf3 h5 44. Kf2 Kd7 45. Nf3 Ke6 46. Ke2 Kd5
47. Kd3 Ne6 48. Nh4 Nf8 49. a3 Ke6 50. Kd4 Kf7 51. a4 Ke6 52. Kc4 Kd7 53. b5 a5
54. b6 Kc8 55. bxc7 Kxc7 {(=)} 56. Nf3 Ne6 57. Nd2 Kb7 58. Nb3 Ka6 59. Nd4 Nxd4
60. Kxd4 Kb7 61. e6 Kc7 62. Ke5 Kd8 63. Kd6 Ke8 64. e7 Kf7 65. Kd7 Kf6 66. e8=Q
Kg7 67. Ke6 Kh7 68. Kf6 Kh6 69. Qh8# 1-0

[Event "Championnat de France des Jeunes - Cade"]
[Site "LA ROCHE SUR YON"]
[Date "2008.04.22"]
[Round "4.8"]
[White "Cechetto, Lea"]
[Black "Perrusset, Barbara"]
[Result "0-1"]
[WhiteElo "1752"]
[BlackElo "1876"]
[Annotator "Salaun,Michel"]
[PlyCount "106"]
[EventDate "2008.04.24"]
[EventType "swiss"]
[EventRounds "6"]
[EventCountry "FRA"]

1. e4 c5 2. c3 Nf6 3. e5 Nd5 4. d4 cxd4 5. Nf3 Nc6 6. Be2 e6 7. cxd4 d6 8. exd6
Bxd6 9. Nc3 Bb4 10. Bd2 O-O 11. O-O b6 12. Bb5 Bb7 13. Bxc6 Bxc6 14. Nxd5 Bxd2
15. Nxb6 Bxf3 16. Qxd2 axb6 17. gxf3 Qd5 18. b3 Qxf3 19. Rfe1 Rfd8 20. Rad1 Rd5
21. Re3 Rg5+ 22. Kf1 Qg2+ 23. Ke2 Rf5 24. Rf1 Qxh2 25. Ke1 Rfa5 26. Rc3 Qd6 27.
a4 Rd5 28. Rd3 Rd8 29. Ke2 Rxd4 30. Rxd4 Qxd4 31. Qxd4 Rxd4 32. Rc1 h5 33. Rc4
Rd6 34. Ke3 g5 35. b4 f5 36. a5 bxa5 37. bxa5 Rd1 38. a6 Ra1 39. Rc6 Kf7 40.
Rc7+ Kf6 41. a7 h4 42. Kf3 Ra3+ 43. Kg2 g4 44. Rh7 h3+ 45. Kh2 f4 46. Rh4 Kf5
47. Rh7 Ke4 48. Rb7 Ra2 49. Rb4+ Kf5 50. Rb5+ e5 51. Rb2 Rxa7 52. Re2 Ra3 53.
Re1 Ra2 0-1

[Event "Championnat de France des Jeunes - Cade"]
[Site "LA ROCHE SUR YON"]
[Date "2008.04.22"]
[Round "4.10"]
[White "Josse, Anais"]
[Black "Richard, Celine"]
[Result "1-0"]
[WhiteElo "1620"]
[BlackElo "1670"]
[Annotator "Salaun,Michel"]
[PlyCount "83"]
[EventDate "2008.04.24"]
[EventType "swiss"]
[EventRounds "6"]
[EventCountry "FRA"]

1. e4 e6 2. d4 c5 3. Be3 cxd4 4. Bxd4 Nc6 5. Be3 Nf6 6. Nd2 d5 7. Bg5 dxe4 8.
c3 Be7 9. Bxf6 Bxf6 10. Nxe4 Qxd1+ 11. Rxd1 Be7 12. Bb5 O-O 13. Bxc6 bxc6 14.
Nf3 f5 15. Ng3 Rb8 16. b3 Bf6 17. c4 Bc3+ 18. Ke2 e5 19. Rd6 Bb7 20. Rc1 Bb4
21. Re6 e4 22. Nd4 Rbd8 23. Rd1 g6 24. Nxc6 Rxd1 25. Kxd1 Bxc6 26. Rxc6 Rd8+
27. Kc1 Bd2+ 28. Kc2 e3 29. f3 Be1 30. Re6 Rd2+ 31. Kc1 f4 32. Nf1 Rxa2 33. Kd1
Bf2 34. c5 e2+ 35. Rxe2 Ra1+ 36. Kc2 Rxf1 37. c6 Be3 38. Rxe3 fxe3 39. c7 Rf2+
40. Kd3 Rd2+ 41. Kc3 e2 42. Kxd2 1-0

[Event "Championnat de France des Jeunes - Cade"]
[Site "LA ROCHE SUR YON"]
[Date "2008.04.22"]
[Round "4.9"]
[White "Mallard, Ophelie"]
[Black "Rodange, Barbara"]
[Result "1/2-1/2"]
[WhiteElo "1630"]
[BlackElo "1726"]
[Annotator "Salaun,Michel"]
[PlyCount "59"]
[EventDate "2008.04.24"]
[EventType "swiss"]
[EventRounds "6"]
[EventCountry "FRA"]

1. a3 h6 2. d4 Nf6 3. c4 e6 4. Nc3 d5 5. e3 Nc6 6. Nf3 Be7 7. Be2 O-O 8. O-O a6
9. Qc2 dxc4 10. Bxc4 b5 11. Be2 Bb7 12. b4 Nd5 13. Ne4 Bf6 14. Nc5 Qc8 15. Bb2
Rd8 16. Rfd1 Nb6 17. Qe4 Rb8 18. Bd3 g6 19. Nh4 Nd5 20. Nxg6 fxg6 21. Qxg6+ Bg7
22. Qh7+ Kf8 23. Be2 Bf6 24. Qxh6+ Kg8 25. Qg6+ Kh8 26. Qh6+ Kg8 27. Qg6+ Kh8
28. Qh6+ Kg8 29. Qg6+ Kh8 30. Qh6+ 1/2-1/2

[Event "Championnat de France des Jeunes - Cade"]
[Site "LA ROCHE SUR YON"]
[Date "2008.04.22"]
[Round "4.6"]
[White "Cheype, Marie"]
[Black "Vinckier, Delphine"]
[Result "1-0"]
[WhiteElo "1809"]
[BlackElo "1818"]
[Annotator "Salaun,Michel"]
[PlyCount "57"]
[EventDate "2008.04.24"]
[EventType "swiss"]
[EventRounds "6"]
[EventCountry "FRA"]

1. e4 e6 2. d4 d5 3. e5 c5 4. c3 Nc6 5. Nf3 Qb6 6. a3 Nh6 7. b4 cxd4 8. cxd4
Bd7 9. Be3 Nf5 10. Nc3 Nxe3 11. fxe3 Rc8 12. Na4 Qd8 13. Bd3 Be7 14. O-O O-O
15. Nc5 b6 16. Nxd7 Qxd7 17. Nd2 f6 18. exf6 Bxf6 19. Qg4 Qe7 20. Rac1 e5 21.
dxe5 Nxe5 22. Bxh7+ Kxh7 23. Qh3+ Bh4 24. Rxc8 Rxf1+ 25. Nxf1 Kg6 26. Rh8 Bg5
27. Qh5+ Kf6 28. Re8 Qd7 29. Rxe5 1-0

[Event "Championnat de France des Jeunes - Cade"]
[Site "LA ROCHE SUR YON"]
[Date "2008.04.23"]
[Round "5.6"]
[White "Favarel, Antoine"]
[Black "Poey-Durut, Peio"]
[Result "1-0"]
[WhiteElo "2065"]
[BlackElo "1875"]
[Annotator "Salaun,Michel"]
[PlyCount "79"]
[EventDate "2008.04.24"]
[EventType "swiss"]
[EventRounds "6"]
[EventCountry "FRA"]

1. d4 Nf6 2. Nf3 c5 3. e3 cxd4 4. exd4 d5 5. Be2 Bg4 6. O-O e6 7. c3 Be7 8.
Nbd2 O-O 9. Re1 Nc6 10. Nf1 a6 11. a4 Rb8 12. Bf4 Bd6 13. Bxd6 Qxd6 14. Ne5
Bxe2 15. Qxe2 Qc7 16. Nd3 Nd7 17. Ng3 Rfe8 18. Qg4 Nf6 19. Qg5 h6 20. Qh4 Na5
21. Ne5 Nc4 22. Ng4 Nxg4 23. Qxg4 Qe7 24. f4 f5 25. Qf3 Qd7 26. Qf2 Nd6 27. Re5
b5 28. axb5 axb5 29. h3 b4 30. Kh2 bxc3 31. bxc3 Rb3 32. Qe1 Qc8 33. Rc1 Ne4
34. Nxe4 fxe4 35. c4 dxc4 36. Qxe4 Rd3 37. Rc5 Qa8 38. Qe5 Rd2 39. Rg1 Qa2 40.
Rc7 1-0

[Event "Championnat de France des Jeunes - Cade"]
[Site "LA ROCHE SUR YON"]
[Date "2008.04.23"]
[Round "5.7"]
[White "Barre, Yann"]
[Black "Bressac, Stephane"]
[Result "0-1"]
[WhiteElo "1957"]
[BlackElo "2028"]
[Annotator "Salaun,Michel"]
[PlyCount "48"]
[EventDate "2008.04.24"]
[EventType "swiss"]
[EventRounds "6"]
[EventCountry "FRA"]

1. d4 d5 2. c4 e5 3. dxe5 d4 4. Nf3 Nc6 5. g3 Bg4 6. Bg2 Qd7 7. a3 O-O-O 8.
Nbd2 Nge7 9. O-O Ng6 10. b4 h5 11. b5 Ncxe5 12. Nxe5 Nxe5 13. Qa4 Kb8 14. Re1
h4 15. f4 Ng6 16. Nb3 hxg3 17. Bxb7 gxh2+ 18. Kh1 Kxb7 19. Qa6+ Ka8 20. Na5 Rb8
21. Nc6 Rb7 22. Nb4 d3 23. Nxd3 Qxd3 24. Qc6 Qd7 0-1

[Event "Championnat de France des Jeunes - Cade"]
[Site "LA ROCHE SUR YON"]
[Date "2008.04.23"]
[Round "5.9"]
[White "Lepigoche, Cyril"]
[Black "Auvray, Simon"]
[Result "1/2-1/2"]
[WhiteElo "1879"]
[BlackElo "1955"]
[Annotator "Salaun,Michel"]
[PlyCount "109"]
[EventDate "2008.04.24"]
[EventType "swiss"]
[EventRounds "6"]
[EventCountry "FRA"]

1. c4 e5 2. Nc3 Nc6 3. g3 g6 4. Bg2 Bg7 5. e3 d6 6. Nge2 h5 7. h4 Bg4 8. Rb1
Nge7 9. b4 a6 10. d3 O-O 11. Qd2 Bh6 12. Nd5 Nxd5 13. Bxd5 Nd4 14. Nxd4 exd4
15. Bxb7 Re8 16. O-O dxe3 17. Qc2 Rb8 18. Bd5 Be6 19. Bg2 Bf5 20. Kh2 Qf6 21.
Bb2 Qe7 22. Bc6 Rf8 23. Rbe1 Kh7 24. Qc3 Rg8 25. fxe3 Bd7 26. Bg2 Rge8 27. a3
Rf8 28. Rf2 Rbe8 29. Bb7 c6 30. Bxa6 Qe6 31. Rg2 Qh3+ 32. Kg1 Bg4 33. Kf2 Re5
34. Qd2 Rf5+ 35. Kg1 Bf3 36. Qf2 Bxg2 37. Qxg2 Qg4 38. Bb7 Rf3 39. Kh2 Bxe3 40.
Bxc6 Rf2 41. Rxe3 Rxg2+ 42. Bxg2 Qd1 43. Bf6 Qd2 44. Re7 Qxd3 45. Bd5 Qc2+ 46.
Kg1 Qf5 47. Bd4 Qc2 48. Be3 Qd1+ 49. Kh2 Qe2+ 50. Kh3 Qf1+ 51. Kh2 Qf6 52. Bg5
Qf2+ 53. Kh3 Kg8 54. Bh6 Qf1+ 55. Kh2 {(=)} 1/2-1/2

[Event "Championnat de France des Jeunes - Cade"]
[Site "LA ROCHE SUR YON"]
[Date "2008.04.23"]
[Round "5.8"]
[White "Migot, Tanguy"]
[Black "Kieraga, Corentin"]
[Result "1-0"]
[WhiteElo "2023"]
[BlackElo "1737"]
[Annotator "Salaun,Michel"]
[PlyCount "77"]
[EventDate "2008.04.24"]
[EventType "swiss"]
[EventRounds "6"]
[EventCountry "FRA"]

1. e4 e5 2. Nf3 Nc6 3. Bb5 Nf6 4. O-O Nxe4 5. d4 Nd6 6. Bxc6 dxc6 7. dxe5 Nf5
8. Qxd8+ Kxd8 9. Nc3 Bd7 10. h3 h6 11. Ne4 b6 12. b3 Be7 13. Bb2 Be6 14. c4 Kc8
15. Rad1 Kb7 16. Kh2 Rad8 17. g4 Rxd1 18. Rxd1 Nh4 19. Nd4 Rd8 20. Rd2 Rxd4 21.
Rxd4 Nf3+ 22. Kg3 Nxd4 23. Bxd4 a5 24. f4 g6 25. Kf3 a4 26. Ng3 Bh4 27. Nf1 c5
28. Bc3 b5 29. Ne3 b4 30. Bd2 axb3 31. axb3 Bd7 32. Ke4 h5 33. gxh5 gxh5 34. f5
Bg5 35. Nf1 Bc6+ 36. Kd3 Bg2 37. Ng3 Bxd2 38. Kxd2 Bxh3 39. e6 1-0

[Event "Championnat de France des Jeunes - Cade"]
[Site "LA ROCHE SUR YON"]
[Date "2008.04.23"]
[Round "5.8"]
[White "Garma, Jovanka"]
[Black "Hedouin, Priscillia"]
[Result "1-0"]
[WhiteElo "1770"]
[BlackElo "1470"]
[Annotator "Salaun,Michel"]
[PlyCount "111"]
[EventDate "2008.04.24"]
[EventType "swiss"]
[EventRounds "6"]
[EventCountry "FRA"]

1. e4 e6 2. d4 d5 3. exd5 exd5 4. Bd3 Nf6 5. Ne2 Be7 6. Nd2 Be6 7. c3 Nc6 8.
Ng3 Qd7 9. Nf3 g6 10. Bf4 Bd6 11. Bxd6 Qxd6 12. Qc2 Nd7 13. h4 h5 14. Ng5 Qe7
15. O-O-O O-O-O 16. Rde1 Nf8 17. Re3 Rd6 18. Rhe1 Nd8 19. f4 Qf6 20. f5 gxf5
21. Bxf5 Rg8 22. Bxe6+ fxe6 23. Nxh5 Qh6 24. g4 Rh8 25. Rf3 Nh7 26. Kb1 Nxg5
27. Rf6 Qh7 28. hxg5 Qd7 29. g6 Ra6 30. g7 Re8 31. Rf8 Nf7 32. g8=Q Rxf8 33.
Qxf8+ Nd8 34. Nf4 Qd6 35. Qxd6 Rxd6 36. Qg6 Kd7 37. Nd3 b6 38. Ne5+ Kc8 39. Rf1
Kb7 40. Rf8 Nc6 41. Nxc6 Kxc6 42. Qe8+ Kb7 43. Rf6 Rc6 44. Rxe6 Rxe6 45. Qxe6
a5 46. Qxd5+ Ka6 47. b4 axb4 48. cxb4 Ka7 49. a4 Kb8 50. a5 Ka7 51. axb6+ cxb6
52. b5 Kb8 53. Qc6 Ka7 54. d5 Kb8 55. d6 Ka7 56. d7 1-0